000 00860nam a2200181Ia 4500
008 100921s9999 xx 000 0 und d
082 _b25237
_a920-2 थ 90
100 _aअवचट काकासाहेब.
245 _aसरस्वतीचा महान उपासक-डॉ.आंबेडकर.
260 _bसौभाग्य प्रकाशन,पुणे.
_c1990
300 _a128
_bरसिक साहित्य,पुणे
365 _b50
520 _aचरित्र व इतर-डॉ.आंबेडकर.
630 _aसरस्वतीचा महान उपासक-डॉ.आंबेडकर.
650 _aचरित्र व इतर-डॉ.आंबेडकर.
730 _aसरस्वतीचा महान उपासक-डॉ.आंबेडकर.
942 _cBOOK
999 _c774350
_d774347